Cem dúvidas gramaticais (Record no. 70906)

MARC details
000 -LÍDER
campo de controle de tamanho fixo 00346 a2200157 4500
001 - NÚMERO DE CONTROLE
campo de controle 70906
020 ## - ISBN - INTERNATIONAL STANDARD BOOK NUMBER
ISBN - International Standard Book Number 8576261499
040 ## - FONTE DA CATALOGAÇÃO
Instituição que transcreveu o registro Anchieta - Itaigara
100 ## - ENTRADA PRINCIPAL--NOME PESSOAL
Nome pessoal Freitas, Delmo Lima
240 10 - TÍTULO UNIFORME
Título uniforme Cem dúvidas gramaticais
Idioma da obra por
245 10 - TÍTULO
Título Cem dúvidas gramaticais
300 ## - DESCRIÇÃO FÍSICA
Extensão 158
362 0# - DATAS DE PUBLICAÇÃO E/OU DESIGNAÇÃO SEQUENCIAL
Datas de publicação e/ou designação sequencial 2005
650 #4 - ASSUNTO--TERMO TÓPICO
Cabeçalho tópico ou nome geográfico Português
942 ## - ELEMENTOS DE ENTRADA ADICIONADOS (KOHA)
Tipo de material Koha Livros
Holdings
Situação do descarte Situação das perdas Situação física Não pode ser emprestado Biblioteca de origem Biblioteca atual Data de aquisição Total de empréstimos Código de barras Data de último acesso Data do preço efetivo Tipo de material Koha Número de chamada completo
        Colégio São Paulo Colégio São Paulo 21/11/2023   4684/ITA 21/11/2023 21/11/2023 Livros  
        Colégio São Paulo Colégio São Paulo 21/11/2023   5287/ITA 21/11/2023 21/11/2023 Livros 469 FRE CEM